| 000 | 00369nam a22001577a 4500 | ||
|---|---|---|---|
| 005 | 20260402105206.0 | ||
| 008 | 260402b |||||||| |||| 00| 0 eng d | ||
| 041 | _aEnglish | ||
| 100 | _aGara, Ajay Kumar | ||
| 245 | _aBusiness Laws | ||
| 250 | _a17th. | ||
| 260 |
_aNewdelhi: _bNabhi Publication, _c2019. |
||
| 300 | _a480 p. | ||
| 650 | _aBusiness Laws | ||
| 942 | _cDB | ||
| 999 |
_c9577 _d9577 |
||